| 000 | 00542nam a2200205 4500 | ||
|---|---|---|---|
| 003 | OSt | ||
| 005 | 20240701083527.0 | ||
| 006 | a | ||
| 008 | 240701b |||||||| |||| 00| 0 eng d | ||
| 020 | _a8283519 | ||
| 040 |
_aDWCL-Main lib. _cOC |
||
| 082 | _aCirc. 669.028 C817c 1983 | ||
| 245 | _aCorrosion Fatigue / | ||
| 260 |
_aPhiladelphia: _bAmerican society for testing materials ; _cc1983. |
||
| 300 |
_b530 p. ; _c22 cm. |
||
| 504 | _ainclude index. | ||
| 700 | _aT.W. Crooker | ||
| 700 | _aB.N. Leis | ||
| 942 |
_2ddc _n0 _cBK-CIRC _kCirc. |
||
| 999 |
_c1740 _d1740 |
||